[Event "Caioba Copel op 5th"]
[Site "Caioba"]
[Date "2019.08.16"]
[Round "2"]
[White "Mada, Franciele Naomi"]
[Black "Vicenzi, Liziane Nathalia"]
[Result "1-0"]
[WhiteElo "1832"]
[BlackElo "1505"]
[PlyCount "61"]
[EventDate "2019.08.15"]
[EventType "swiss"]
[EventRounds "6"]
[EventCountry "BRA"]
[SourceTitle "EXT 2020"]
[Source "ChessBase"]
[SourceDate "2019.10.17"]
[SourceVersion "1"]
[SourceVersionDate "2019.10.17"]
[SourceQuality "1"]

1. d4 d5 2. c3 e6 3. Nf3 c5 4. Bf4 Nf6 5. e3 Bd6 6. Bg5 Nbd7 7. Bd3 0-0 8. Nbd2 h6 9. Bxf6 Nxf6 10. 0-0 b6 11. e4 dxe4 12. Nxe4 Nxe4 13. Bxe4 Rb8 14. Bc2 Ba6 15. Re1 Qc7 16. d5 exd5 17. Qxd5 Bb7 18. Qd3 g6 19. h3 Rbd8 20. Qe3 Kg7 21. Nh4 Rfe8 22. Qc1 Bh2+ 23. Kh1 Qc6 24. Kxh2 g5 25. Nf5+ Kf8 26. f3 Qc7+ 27. Kg1 Qc6 28. Be4 Qc7 29. Bxb7 Qxb7 30. Nxh6 Qd7 31. Qxg5 1-0